| 000 | 00626nam a2200157 i 4500 | ||
|---|---|---|---|
| 001 | 20450 | ||
| 003 | ES-MaACL | ||
| 005 | 20250811063131.0 | ||
| 007 | t| | ||
| 008 | 021112s1890 sp ||||1| spa d | ||
| 100 | 1 |
_aAguilera y Velasco, Alberto, _d1842-1913 _918786 |
|
| 245 | 1 | 0 |
_aMemoria de los donativos y socorros distribuidos por el Gobernador Civil de Madrid durante la epidemia de la "Grippe" e instalación de hospital provincial del Palacio de Bellas Artes / _cAlberto Aguilera y Velasco. |
| 260 |
_aMadrid : _b[s.n., _c1890] ( _fImp. del Hospicio) |
||
| 852 |
_aES-MaACL _jT-517-F-2 |
||
| 999 |
_c20450 _d20450 |
||